[Event "POL-chT 2nd League"]
[Site "Jastrzebia Gora"]
[Date "2023.09.02"]
[Round "1.117"]
[White "Kielek, Andrzej"]
[Black "Rudecki, Bartosz"]
[Result "1-0"]
[WhiteElo "1897"]
[BlackElo "1880"]
[PlyCount "77"]
[EventDate "2023.09.02"]
[EventType "team-swiss"]
[EventRounds "9"]
[EventCountry "POL"]
[SourceTitle "EXT 2024"]
[Source "ChessBase"]
[SourceDate "2023.10.10"]
[SourceVersion "1"]
[SourceVersionDate "2023.10.10"]
[SourceQuality "1"]
[WhiteTeam "Lubsko Caissa"]
[BlackTeam "Zory Roszada"]
[WhiteTeamCountry "POL"]
[BlackTeamCountry "POL"]

1. b4 e5 2. Bb2 Bxb4 3. Bxe5 Nf6 4. e3 0-0 5. Be2 d5 6. Nf3 c5 7. 0-0 Nc6 8. Bb2 Re8 9. d3 Ba5 10. Nbd2 Bc7 11. Re1 b6 12. Nf1 Bb7 13. a3 Qd6 14. Qd2 Rad8 15. h3 Qe7 16. Rad1 h6 17. Qc1 Nh7 18. Qa1 f5 19. Qa2 Qf7 20. N3d2 Ng5 21. f4 Ne6 22. Bf3 Kf8 23. Bxd5 Rxd5 24. Qxd5 Na5 25. Qa2 Qg6 26. g3 Nxf4 27. exf4 Bxf4 28. Rxe8+ Qxe8 29. gxf4 Qe2 30. Ne4 Qxd1 31. Qe6 fxe4 32. Qd6+ Ke8 33. Bxg7 exd3 34. Qf8+ Kd7 35. Qf7+ Kc6 36. Qe8+ Kd5 37. cxd3 c4 38. Qd7+ Kc5 39. Bf8# 1-0

[Event "Monteolivete op 3rd"]
[Site "Alboraia"]
[Date "2023.07.22"]
[Round "8"]
[White "Rudecki, Bartosz"]
[Black "Aracil Martinez, Arnau"]
[Result "1-0"]
[WhiteElo "1868"]
[BlackElo "1413"]
[PlyCount "49"]
[EventDate "2023.07.17"]
[EventType "swiss"]
[EventRounds "9"]
[EventCountry "ESP"]
[SourceTitle "CBM 215 Extra"]
[Source "ChessBase"]
[SourceDate "2023.09.30"]
[SourceVersion "1"]
[SourceVersionDate "2023.09.30"]
[SourceQuality "1"]

1. e4 e5 2. Nf3 Nc6 3. Bc4 Bc5 4. c3 Nf6 5. d4 exd4 6. cxd4 Bb4+ 7. Nc3 Nxe4 8. 0-0 Bxc3 9. d5 Ne5 10. Qe2 0-0 11. bxc3 Nxc4 12. Qxe4 Nd6 13. Qg4 f5 14. Qd4 Ne4 15. d6 Nxd6 16. Bg5 Qe8 17. Rfe1 Qg6 18. Be7 Re8 19. Bxd6 Rxe1+ 20. Rxe1 cxd6 21. Qd5+ Kf8 22. Nh4 Qf7 23. Qxd6+ Kg8 24. Re7 Qf8 25. Nxf5 1-0

[Event "Malopolska Region-chB"]
[Site "Krakow"]
[Date "2021.06.05"]
[Round "4"]
[White "Rudecki, Bartosz"]
[Black "Siekanska, Maria"]
[Result "1/2-1/2"]
[WhiteElo "1846"]
[BlackElo "1903"]
[PlyCount "54"]
[EventDate "2021.06.03"]
[EventType "swiss"]
[EventRounds "7"]
[EventCountry "POL"]
[SourceTitle "EXT 2023"]
[Source "ChessBase"]
[SourceDate "2022.10.05"]
[SourceVersion "1"]
[SourceVersionDate "2022.10.05"]
[SourceQuality "1"]

1. b3 d5 2. Bb2 c5 3. e3 Nf6 4. f4 g6 5. Nf3 Bg7 6. Be2 0-0 7. 0-0 Nc6 8. Ne5 Qc7 9. d4 cxd4 10. exd4 Bf5 11. c4 Rfd8 12. Nxc6 Qxc6 13. Nd2 dxc4 14. Nxc4 Nd5 15. Bf3 Qe8 16. g4 Bc8 17. f5 b5 18. fxg6 hxg6 19. Bxd5 Rxd5 20. Qf3 Be6 21. Ne5 Rad8 22. Rae1 Bxe5 23. Rxe5 Rxe5 24. dxe5 Rd2 25. Rf2 Qd7 26. h3 Rd1+ 27. Kh2 Rd2 1/2-1/2

[Event "POL-ch Academic"]
[Site "Chorzow"]
[Date "2021.05.15"]
[Round "8.17"]
[White "Rudecki, Bartosz"]
[Black "Brzezinski, Mateusz"]
[Result "0-1"]
[WhiteElo "1846"]
[BlackElo "2189"]
[PlyCount "57"]
[EventDate "2021.05.14"]
[EventType "swiss (rapid)"]
[EventRounds "9"]
[EventCountry "POL"]
[SourceTitle "CBM 202 Extra"]
[Source "ChessBase"]
[SourceDate "2021.07.31"]
[SourceVersion "1"]
[SourceVersionDate "2021.07.31"]
[SourceQuality "1"]

1. e4 c6 2. d4 d5 3. f3 g6 4. Nc3 Bg7 5. Be3 dxe4 6. fxe4 Nf6 7. Be2 0-0 8. Nf3 c5 9. d5 Qa5 10. 0-0 e6 11. d6 Ng4 12. Bf4 Nd7 13. Bb5 Bxc3 14. Bxd7 Bxd7 15. bxc3 Qxc3 16. Bd2 Qg7 17. h3 Ne5 18. Bc3 Nxf3+ 19. Rxf3 f6 20. Qd3 Rf7 21. Raf1 Raf8 22. g4 h6 23. Qc4 b6 24. Qa6 Bc6 25. Qc4 e5 26. Rxf6 b5 27. Rxf7 Rxf7 28. Rxf7 Qxf7 29. Qxc5 0-1

[Event "POL-ch Academic"]
[Site "Chorzow"]
[Date "2021.05.15"]
[Round "6.23"]
[White "Rudecki, Bartosz"]
[Black "Kanicki, Krzysztof"]
[Result "1/2-1/2"]
[WhiteElo "1846"]
[BlackElo "2134"]
[PlyCount "54"]
[EventDate "2021.05.14"]
[EventType "swiss (rapid)"]
[EventRounds "9"]
[EventCountry "POL"]
[SourceTitle "CBM 202 Extra"]
[Source "ChessBase"]
[SourceDate "2021.07.31"]
[SourceVersion "1"]
[SourceVersionDate "2021.07.31"]
[SourceQuality "1"]

1. e4 c5 2. Nf3 Nc6 3. Bb5 g6 4. 0-0 Bg7 5. Re1 Nf6 6. c3 0-0 7. d4 cxd4 8. cxd4 d5 9. e5 Ne4 10. Nc3 Nxc3 11. bxc3 Na5 12. Be3 Bd7 13. Rb1 Bxb5 14. Rxb5 a6 15. Rb1 Rc8 16. e6 fxe6 17. Ng5 Qd7 18. Qg4 Rf5 19. Rb6 Nc4 20. Rxe6 h6 21. Rxg6 Nxe3 22. Rxg7+ Kxg7 23. Ne6+ Kf7 24. Rxe3 Qxe6 25. Rxe6 Kxe6 26. Qg6+ Rf6 27. Qg4+ Rf5 1/2-1/2

[Event "EU-chT U18"]
[Site "Rymanow Zdroj"]
[Date "2017.08.24"]
[Round "7.9"]
[White "Murphy, Conor"]
[Black "Rudecki, Bartosz"]
[Result "1-0"]
[WhiteElo "2164"]
[BlackElo "1884"]
[PlyCount "137"]
[EventDate "2017.08.17"]
[EventType "team-swiss"]
[EventRounds "7"]
[EventCountry "POL"]
[SourceTitle "CBM 180 Extra"]
[Source "ChessBase"]
[SourceDate "2017.10.06"]
[SourceVersion "1"]
[SourceVersionDate "2017.10.06"]
[SourceQuality "1"]
[WhiteTeam "England U18"]
[BlackTeam "Poland U18 III"]
[WhiteTeamCountry "ENG"]
[BlackTeamCountry "POL"]

1. d4 Nf6 2. Bg5 Ne4 3. Bf4 d5 4. e3 c6 5. Bd3 Bf5 6. f3 Qa5+ 7. c3 Nd6 8. Bxd6 Bxd3 9. Bxe7 Ba6 10. Bxf8 Qb5 11. Qe2 Rxf8 12. Qxb5 Bxb5 13. e4 Nd7 14. Nd2 a5 15. Nh3 0-0-0 16. 0-0-0 c5 17. exd5 cxd4 18. Ne4 Nb6 19. Rxd4 Bc4 20. b3 Bxd5 21. c4 Bc6 22. Rhd1 Rxd4 23. Rxd4 f5 24. Nc5 Rf6 25. Nf4 Kb8 26. Rd8+ Ka7 27. Rg8 Rf7 28. Nfe6 g6 29. Rg7 Rxg7 30. Nxg7 Nd7 31. Nge6 Ne5 32. Nd4 Kb6 33. Nce6 Nd3+ 34. Kd2 Ne5 35. Kc3 Be8 36. a3 Bf7 37. b4 axb4+ 38. axb4 Ka7 39. c5 b6 40. Nd8 bxc5 41. bxc5 Bd5 42. Nb5+ Kb8 43. Kd4 Bxf3 44. Kxe5 Bxg2 45. Ne6 Kb7 46. Nbd4 Kc8 47. Kf6 Be4 48. Kg5 Kd7 49. Nf8+ Ke7 50. Nxh7 Kf7 51. Nf6 Bh1 52. Nd7 Kg7 53. Ne5 f4 54. Ndf3 Bg2 55. Kxf4 Kh6 56. Nxg6 Bf1 57. Ne7 Kh5 58. c6 Bb5 59. c7 Bd7 60. c8Q Bxc8 61. Nxc8 Kh6 62. Kg4 Kh7 63. Ne5 Kh6 64. h4 Kg7 65. Kg5 Kh7 66. h5 Kg7 67. h6+ Kh7 68. Na7 Kg8 69. Kg6 1-0

[Event "EU-chT U18"]
[Site "Rymanow Zdroj"]
[Date "2017.08.19"]
[Round "3.5"]
[White "Zajic, Milan"]
[Black "Rudecki, Bartosz"]
[Result "1-0"]
[WhiteElo "2499"]
[BlackElo "1884"]
[PlyCount "57"]
[EventDate "2017.08.17"]
[EventType "team-swiss"]
[EventRounds "7"]
[EventCountry "POL"]
[SourceTitle "CBM 180 Extra"]
[Source "ChessBase"]
[SourceDate "2017.10.06"]
[SourceVersion "1"]
[SourceVersionDate "2017.10.06"]
[SourceQuality "1"]
[WhiteTeam "Serbia U18"]
[BlackTeam "Poland U18 III"]
[WhiteTeamCountry "SRB"]
[BlackTeamCountry "POL"]

1. e4 e5 2. Nf3 Nc6 3. Bb5 a6 4. Ba4 Nf6 5. d3 Be7 6. Bxc6 dxc6 7. Nxe5 Bd6 8. Nc4 Qe7 9. Nxd6+ cxd6 10. 0-0 Bg4 11. f3 Be6 12. d4 0-0-0 13. Nc3 Rdg8 14. d5 Bd7 15. dxc6 Bxc6 16. Bf4 d5 17. Qd4 Nh5 18. exd5 Nxf4 19. Qxf4 Qc5+ 20. Kh1 g5 21. Qxf7 Rf8 22. Qe6+ Bd7 23. Qe5 Re8 24. Qg3 h5 25. Ne4 h4 26. Qxg5 Rxe4 27. fxe4 h3 28. Rf3 hxg2+ 29. Qxg2 1-0

[Event "POL-chT U20 2nd League"]
[Site "Szczyrk"]
[Date "2017.07.27"]
[Round "8.78"]
[White "Wolak, Kamil"]
[Black "Rudecki, Bartosz"]
[Result "0-1"]
[WhiteElo "1349"]
[BlackElo "1943"]
[PlyCount "52"]
[EventDate "2017.07.22"]
[EventType "team-swiss"]
[EventRounds "11"]
[EventCountry "POL"]
[SourceTitle "EXT 2019"]
[Source "ChessBase"]
[SourceDate "2018.10.10"]
[SourceVersion "1"]
[SourceVersionDate "2018.10.10"]
[SourceQuality "1"]

1. e4 e5 2. Nf3 Nc6 3. d4 exd4 4. Nxd4 Bc5 5. Nb3 Bb6 6. Nc3 Qf6 7. Qe2 d6 8. Be3 Be6 9. 0-0-0 Nge7 10. f3 0-0 11. Bxb6 axb6 12. Qd2 Bxb3 13. cxb3 Na5 14. b4 Nac6 15. a3 Qe6 16. Nd5 Ne5 17. Kb1 Nxd5 18. exd5 Qg6+ 19. Qc2 Qxc2+ 20. Kxc2 Rfe8 21. Bd3 Re7 22. Be4 g6 23. g4 Nxg4 24. Bxg6 Ne3+ 25. Kd2 hxg6 26. Rde1 Nxd5 0-1

[Event "POL-chT U20 2nd League"]
[Site "Szczyrk"]
[Date "2017.07.24"]
[Round "3.66"]
[White "Rudecki, Bartosz"]
[Black "Pawletko, Szymon"]
[Result "1-0"]
[WhiteElo "1943"]
[BlackElo "1836"]
[PlyCount "59"]
[EventDate "2017.07.22"]
[EventType "team-swiss"]
[EventRounds "11"]
[EventCountry "POL"]
[SourceTitle "EXT 2019"]
[Source "ChessBase"]
[SourceDate "2018.10.10"]
[SourceVersion "1"]
[SourceVersionDate "2018.10.10"]
[SourceQuality "1"]

1. e4 c5 2. Nf3 d6 3. d3 g6 4. g3 Bg7 5. Bg2 Nc6 6. 0-0 e6 7. c3 Nge7 8. Re1 0-0 9. d4 cxd4 10. cxd4 d5 11. e5 b6 12. Bf4 Ba6 13. Qd2 Qd7 14. Bh6 Rfc8 15. Bxg7 Kxg7 16. Nc3 Rc7 17. h4 Rac8 18. Nd1 Na5 19. b3 Ng8 20. Ne3 Nh6 21. Ng5 Qe7 22. Bxd5 exd5 23. Nxd5 Qd8 24. Nxc7 Rxc7 25. e6 Bc8 26. d5 fxe6 27. d6 Rc6 28. Rxe6 Nf5 29. Rae1 Nb7 30. Qb2+ 1-0

[Event "Katowice POL-HUN 5th"]
[Site "Katowice"]
[Date "2017.05.21"]
[Round "8"]
[White "Deren, Marcin"]
[Black "Rudecki, Bartosz"]
[Result "1/2-1/2"]
[WhiteElo "1978"]
[BlackElo "2007"]
[PlyCount "38"]
[EventDate "2017.05.20"]
[EventType "swiss (rapid)"]
[EventRounds "9"]
[EventCountry "POL"]
[SourceTitle "CBM 178 Extra"]
[Source "ChessBase"]
[SourceDate "2017.06.22"]
[SourceVersion "1"]
[SourceVersionDate "2017.06.22"]
[SourceQuality "1"]

1. e4 e5 2. Nf3 Nc6 3. Bb5 f5 4. d3 fxe4 5. dxe4 Nf6 6. Bg5 Bc5 7. 0-0 d6 8. Nc3 0-0 9. Nd5 Be6 10. Nxf6+ gxf6 11. Bh6 Re8 12. Nh4 Kh8 13. Qh5 Rg8 14. Kh1 Nd4 15. Bd3 Bg4 16. Qf7 Be6 17. Qh5 Bg4 18. Qf7 Be6 19. Qh5 Bg4 1/2-1/2

[Event "POL Olympiad U14"]
[Site "Walbrzych"]
[Date "2013.??.??"]
[Round "6.22"]
[White "Rudecki, Bartosz"]
[Black "Klementowski, Dawid"]
[Result "0-1"]
[WhiteElo "1649"]
[BlackElo "1734"]
[PlyCount "64"]
[EventDate "2013.04.??"]
[EventType "team-swiss"]
[EventRounds "9"]
[EventCountry "POL"]
[SourceTitle "EXT 2014"]
[Source "ChessBase"]
[SourceDate "2013.11.20"]
[SourceVersion "1"]
[SourceVersionDate "2013.11.20"]
[SourceQuality "1"]

1. e4 c5 2. Nf3 Nf6 3. Nc3 Nc6 4. Bc4 d6 5. d3 Bg4 6. Bg5 a6 7. Bxf6 gxf6 8. h3 Bxf3 9. gxf3 Bh6 10. Rg1 e6 11. f4 Bxf4 12. Qh5 Nd4 13. Rg7 Qe7 14. Ne2 Nxe2 15. Kxe2 Rf8 16. Rb1 0-0-0 17. Qg4 Be5 18. Rxh7 Kb8 19. a4 d5 20. Ba2 dxe4 21. Qxe4 Rd4 22. Qg2 Rxa4 23. Bb3 Rf4 24. h4 Qd6 25. c3 f5 26. Re1 Qb6 27. Kf1 Qxb3 28. Rxe5 Qd1+ 29. Re1 Qxd3+ 30. Re2 Ka7 31. f3 Rxf3+ 32. Ke1 Qb1+ 0-1

[Event "POL Olympiad U14"]
[Site "Walbrzych"]
[Date "2013.??.??"]
[Round "2.19"]
[White "Rudecki, Bartosz"]
[Black "Ruttar, Lukasz"]
[Result "1-0"]
[WhiteElo "1649"]
[BlackElo "1471"]
[PlyCount "119"]
[EventDate "2013.04.??"]
[EventType "team-swiss"]
[EventRounds "9"]
[EventCountry "POL"]
[SourceTitle "EXT 2014"]
[Source "ChessBase"]
[SourceDate "2013.11.20"]
[SourceVersion "1"]
[SourceVersionDate "2013.11.20"]
[SourceQuality "1"]

1. e4 e5 2. Nf3 Nc6 3. Bb5 a6 4. Ba4 Nf6 5. 0-0 d6 6. h3 Be7 7. c3 Nxe4 8. d4 b5 9. Bb3 Nf6 10. a4 Bb7 11. axb5 axb5 12. Rxa8 Qxa8 13. Re1 Nd7 14. Bg5 Qd8 15. Bxe7 Qxe7 16. dxe5 dxe5 17. Qd3 b4 18. cxb4 0-0 19. Ba4 Nb6 20. Qd1 Qxb4 21. Bxc6 Bxc6 22. Nxe5 Ba4 23. Qc1 Re8 24. Nc3 Qd6 25. Nxa4 Nxa4 26. Qf4 f6 27. Qxa4 Rxe5 28. Rd1 Qc5 29. Qb3+ Kf8 30. Rd8+ Ke7 31. Rd1 Re2 32. Qg3 g6 33. b4 Qc2 34. Rd3 Re1+ 35. Kh2 Qc1 36. Qg4 Re6 37. Qd4 Rd6 38. Re3+ Re6 39. Rc3 Qg5 40. Rxc7+ Kf8 41. Rxh7 Qe5+ 42. Qxe5 Rxe5 43. Rh4 Rb5 44. Rd4 Ke7 45. g4 Ke6 46. f4 g5 47. Kg3 Rb7 48. h4 gxh4+ 49. Kxh4 Rh7+ 50. Kg3 Rb7 51. Kf3 Rb8 52. Ke4 Rb5 53. f5+ Kf7 54. Kd3 Kg7 55. Kc4 Rb8 56. Rd6 Re8 57. b5 Re4+ 58. Rd4 Re8 59. b6 Kh6 60. Kb5 1-0